004240000a2200145000450024500800000065000240008065000090010465000200011365000110013365100390014404100130018370000240019610000180022077300400023810aContribution of river-created habitats to bird species richness in Amazonia14aRiqueza de especies14aAves14aUso del habitat14aRíos 4lRío AmazonaspAmazonia, Colombia0 aInglés1 aParker, Theodore A.1 aRemsen, J. V.1 tBiotropica39h3q223-229d1983g15